01652nam a2200241Ia 4500003000400000005001700004008004100021020001500062082002200077100004600099245020900145246008800354260006300442300006500505505027600570520026300846650006901109650005501178650005301233700003901286700004601325710003901371OSt20200507112158.0191128s2003 ck a gr 000 0 spa d a958802546X04a307.098 / bP838c1 aPorras Vallejo, Oswaldo Aharón, eautor10aConstrucción de un futuro para Colombia desde sus territorios /cOswaldo Aharón Porras Vallejo, José Oswaldo Espinosa Cuervo, Hernando González Murillo, Óscar Ismael Sánchez Romero [y otros 2] aTítulo en la cubierta: Memorias Seminario Nacional, Bogotá, mayo 14-15 de 2003 aBogotá : bDepartamento Nacional de Planeación, c2003 a214 páginas : bilustraciones en blanco y negro ; c28 cm. aInstalación del seminario -- Procesos de planeación estratégica regional -- Procesos de planeación estratégica departamental -- Otras experiencias en materia de planeación estratégica en Colombia -- Experiencia internacional en materia de planeación estra aLa publicación de las memorias del seminario nacional: "Construcción de un futuro para Colombia desde sus territorios", realizado los días 14 y 15 de mayo de 2003 en la ciudad de Bogotá, constituye un aporte del Departamento Nacional de Planeación.14aProspectiva Planificación estratégica xCongresos, reuniones24aPlanificación regionalxEntidades territoriales 24aDesarrollo socialxPlanificación participativa1 aEspinosa, José Oswaldo, eautor1 aGonzález Murillo, Hernando, ; eautor1 aSánchez Romero, Óscar Ismael,